000 00404nam a2200169Ia 4500
003 OSt
005 20240514153529.0
008 170619s9999 xx 000 0 und d
020 _a8122412688
040 _cIIMT ENGINEERING COLLEGE
100 _aKalsi P S
245 0 _aOrganic Reactions and their Mech.
260 _bNew Age International
260 _c2000
546 _aENGLISH
942 _2ddc
_c01
999 _c16850
_d16850